Consulat de la mer, ou pandectes du droit commercial et maritime, faisant loi en Espagnem en Italie, a Marselle et en Anglaterre... / (Record no. 47167)

MARC details
000 -LEADER
campo de control de longitud fija 00700nam a2200181 i 4500
001 - NÚMERO DE CONTROL
campo de control 47167
003 - IDENTIFICADOR DE NÚMERO DE CONTROL
campo de control ES-MaACL
005 - FECHA Y HORA DE LA ÚLTIMA TRANSACCIÓN
campo de control 20250809030823.0
007 - CAMPO FIJO DE DESCRIPCIÓN FÍSICA--INFORMACIÓN GENERAL
campo de control de longitud fija t|
008 - DATOS DE LONGITUD FIJA--INFORMACIÓN GENERAL
campo de control de longitud fija 030404s1808 fr ||||1| fre d
245 00 - MENCIÓN DEL TÍTULO
Título Consulat de la mer, ou pandectes du droit commercial et maritime, faisant loi en Espagnem en Italie, a Marselle et en Anglaterre... /
Mención de responsabilidad, etc. traduit du catalan en français, d'après l'edition originale de Barcelonne, de l'an 1494... par P.B. Boucher...
260 ## - PUBLICACIÓN, DISTRIBUCIÓN, ETC.
Lugar de publicación, distribución, etc. Paris :
Nombre del editor, distribuidor, etc. Arthrus Bertrand,
Fecha de publicación, distribución, etc. 1808.
300 ## - DESCRIPCIÓN FÍSICA
Extensión 2 v. ;
Dimensiones 21 cm.
650 07 - PUNTO DE ACCESO ADICIONAL DE MATERIA--TÉRMINO DE MATERIA
Término de materia o nombre geográfico como elemento de entrada Derecho marítimo
Fuente del encabezamiento o término embne
9 (RLIN) 11730
700 1# - ENTRADA AGREGADA--NOMBRE PERSONAL
Nombre de persona Boucher, Pierre B.
9 (RLIN) 149975
852 ## - LOCALIZACIÓN
Ubicación ES-MaACL
Número de control de estantería G-12588-89
Holdings
Estatus retirado Estado de pérdida Estado de daño No para préstamo Colección Biblioteca de origen Biblioteca actual Ubicación en estantería Fecha de adquisición Fuente de adquisición Total de préstamos Signatura topográfica completa Código de barras Visto por última vez Precio de reemplazo Tipo de ítem Koha
        Libros del s. XIX Biblioteca del Ateneo de Madrid Biblioteca del Ateneo de Madrid Sala Pecera Planta 3 17/01/2008     G-12588-89 1049612 23/02/2023 23/02/2023 Libro impreso antiguo